00333nam a2200109Ia 450000500170000000800410001710000200005824500890007826000210016730000110018865000240019920260328101522.0260328s9999||||xx |||||||||||||| ||und|| aTernaux, Elodie 0aMaterial World 3 :b Innovative Materials for Architect and Design /cElodie Ternaux bFrame Publishers a215 p. aDISEÑO INDUSTRIAL